El fin de la humanidad / (Record no. 160470)

MARC details
000 -LEADER
campo de control de longitud fija 00976nam a2200229 i 4500
001 - NÚMERO DE CONTROL
campo de control 160470
003 - IDENTIFICADOR DE NÚMERO DE CONTROL
campo de control ES-MaACL
005 - FECHA Y HORA DE LA ÚLTIMA TRANSACCIÓN
campo de control 20250718063331.0
008 - DATOS DE LONGITUD FIJA--INFORMACIÓN GENERAL
campo de control de longitud fija 990507s1898 sp |||| | spa d
040 ## - FUENTE DE CATALOGACIÓN
Centro catalogador/agencia de origen CCPB | B
Lengua de catalogación spa
Centro/agencia transcriptor CCPB | B
100 1# - ENTRADA PRINCIPAL--NOMBRE DE PERSONA
Nombre de persona Du Pouget, Jean,
Fechas asociadas al nombre 1818-1904
Término indicativo de función/relación Autor
9 (RLIN) 130379
245 13 - MENCIÓN DEL TÍTULO
Título El fin de la humanidad /
Mención de responsabilidad, etc. por el Marqués de Nadaillac ; versión castellana de Rafael Álvarez Sereix.
260 ## - PUBLICACIÓN, DISTRIBUCIÓN, ETC.
Lugar de publicación, distribución, etc. Madrid :
Nombre del editor, distribuidor, etc. [s.n.],
Fecha de publicación, distribución, etc. 1898
Fabricante (Imp. de los Hijos de M.G. Hernández)
300 ## - DESCRIPCIÓN FÍSICA
Extensión 52 páginas ;
Dimensiones 22 cm.
650 #4 - PUNTO DE ACCESO ADICIONAL DE MATERIA--TÉRMINO DE MATERIA
Término de materia o nombre geográfico como elemento de entrada Fin del mundo
Fuente del encabezamiento o término embne
9 (RLIN) 12869
700 1# - ENTRADA AGREGADA--NOMBRE PERSONAL
Nombre de persona Álvarez Sereix, Rafael,
Fechas asociadas al nombre 1856-1946
Término indicativo de función/relación Traductor
9 (RLIN) 20966
852 ## - LOCALIZACIÓN
Ubicación ES-MaACL
Ubicación en estantería Depósito folletos
Anotaciones manuscritas Dedicatoria ms. de Rafael Álvarez Sereix al Ateneo de Madrid
Donativo/Legado Donativo de Rafael Álvarez Sereix
Número de control de estantería T-803-F-4
Encuadernación Enc. en un vol. facticio
-- Holandesa, conservando cub. original
942 ## - ELEMENTOS DE ENTRADA SECUNDARIOS (KOHA)
Fuente del sistema de clasificación o colocación Clasificación decimal universal
Tipo de ítem Koha Folleto
Suprimir en OPAC No
Holdings
Estatus retirado Estado de pérdida Fuente del sistema de clasificación o colocación Estado de daño No para préstamo Colección Biblioteca de origen Biblioteca actual Ubicación en estantería Fecha de adquisición Fuente de adquisición Total de préstamos Signatura topográfica completa Código de barras Visto por última vez Tipo de ítem Koha Nota pública
    Clasificación decimal universal     Colección de folletos Biblioteca del Ateneo de Madrid Biblioteca del Ateneo de Madrid Depósito folletos 17/01/2008 Donación   T-803-F-4 1168025 23/02/2023 Folleto Dedicatoria autógrafa de Rafael Álvarez Sereix